Europejskie miasta z ponad 50 km linii tramwajowych - Statystyki

Ogólne statystyki
  • Ten quiz został rozwiązany 225 razy
  • Średni wynik to 37 z 70
Statystyki odpowiedzi
Kraj km Miasto % Poprawnych
Polska 138 Warszawa
97%
Polska 85 Kraków
94%
Niemcy 190 Berlin
93%
Norwegia 131.4 Oslo
93%
Polska 52.2 Gdańsk
92%
Ukraina 141.1 Kijów
91%
Polska 65.6 Poznań
91%
Czechy 142.4 Praga
91%
Rosja 181 Moskwa
90%
Polska 84 Wrocław
90%
Finlandia 96 Helsinki
89%
Białoruś 62.8 Mińsk
89%
Holandia 80.5 Amsterdam
88%
Francja 105 Paryż
88%
Bułgaria 154 Sofia
88%
Austria 176.9 Wiedeń
88%
Węgry 156.9 Budapeszt
87%
Rumunia 143 Bukareszt
87%
Łotwa 182 Ryga
86%
Polska 60 Szczecin
86%
Belgia 138.9 Bruksela
85%
Rosja 205.5 Petersburg
85%
Niemcy 79 Monachium
84%
Ukraina 73.5 Lwów
83%
Chorwacja 116.3 Zagrzeb
83%
Polska 141 Łódź
82%
Włochy 170 Mediolan
82%
Czechy 70 Brno
73%
Holandia 75 Rotterdam
72%
Francja 53.3 Lyon
68%
Niemcy 67.3 Frankfurt nad Menem
67%
Holandia 105 Haga
67%
Włochy 58 Turyn
65%
Belgia 72 Antwerpia
57%
Ukraina 65.7 Donieck
56%
Czechy 65.7 Ostrawa
56%
Niemcy 132.7 Drezno
54%
Szwecja 94 Göteborg
48%
Austria 59.8 Graz
48%
Niemcy 148.3 Lipsk
48%
Niemcy 114.6 Brema
46%
Niemcy 78 Düsseldorf
42%
Rosja 187 Kazan
41%
Niemcy 52.4 Essen
34%
Rosja 98.5 Niżny Nowogród
33%
Rosja 108 Wołgograd
33%
Szwajcaria 65.7 Bazylea
26%
Rosja 117 Nowosybirsk
24%
Rosja 168.2 Samara
24%
Francja 55.5 Strasburg
23%
Rosja 183 Jekaterynburg
20%
Rosja 60 Omsk
20%
Szwajcaria 72.9 Zurich
19%
Rosja 110 Perm
17%
Rosja 102 Kaliningrad
14%
Rosja 123 Krasnodar
14%
Niemcy 71.5 Karlsruhe
12%
Niemcy 61 Mannheim / Ludwigshafen
10%
Hiszpania 141.2 Alicante
9%
Ukraina 87.8 Dnipro
9%
Ukraina 72.8 Mikołajów
8%
Francja 56 Montpellier
8%
Niemcy 184 Kassel
7%
Niemcy 93.9 Kassel
7%
Rosja 92.1 Tuła
7%
Niemcy 87.6 Halle
6%
Rosja 142 Saratów
6%
Rosja 180 Twer
5%
Rosja 75.5 Iżewsk
1%
Rosja 164.2 Magnitogorsk
1%
Nie znaleziono quizów pasujących do podanych kryteriów
Rozkład punktacji
Procent ludzi z każdym wynikiem
Percentyl według liczby udzielonych odpowiedzi
Twoja historia wyników
Nie rozwiązałeś tego quizu